The echo of Greece /

محفوظ في:

المؤلف الرئيسي: Hamilton, Edith, 1867-1963 (مؤلف)

التنسيق: كتاب

اللغة: English

منشور في: New York : W. W. Norton, [c1957].

الطبعة: [1st ed.]

الموضوعات:

الوسوم: إضافة وسم

لا توجد وسوم, كن أول من يضع وسما على هذه التسجيلة!

رقم الطلب: DF77 .H33 1957

LEADER 00599nam a22002291 4500
001 3170
003 OSt
005 20251218131737.0
008 130303s1957 nyu 000 0 eng d
010 |a 57005498 
040 |c ARCE Library 
043 |a e-gr--- 
050 4 |a DF77 .H33 1957 
100 1 |a Hamilton, Edith,  |d 1867-1963,  |e author 
245 1 4 |a The echo of Greece /  |c Edith Hamilton. 
250 |a [1st ed.] 
264 1 |a New York :   |b W. W. Norton,   |c [c1957]. 
300 |a 224 pages ;  |c 22 cm. 
651 0 |a Greece  |x Civilization  |y To 146 B.C. 
901 |a reviewed 
942 |c BK  |2 lcc 
999 |c 8276  |d 8276